Understanding literature /
সংরক্ষণ করুন:
| প্রধান লেখক: | |
|---|---|
| বিন্যাস: | গ্রন্থ |
| ভাষা: | Vietnamese |
| প্রকাশিত: |
American :
United States ,
1985
|
| সংস্করন: | In lần thứ 1 |
| বিষয়গুলি: | |
| ট্যাগগুলো: |
ট্যাগ যুক্ত করুন
কোনো ট্যাগ নেই, প্রথমজন হিসাবে ট্যাগ করুন!
|
| Thư viện lưu trữ: | Thư viện Trường CĐ Kỹ Thuật Cao Thắng |
|---|
| LEADER | 00584nam a2200193 a 4500 | ||
|---|---|---|---|
| 001 | TVCDKTCT806 | ||
| 003 | Thư viện trường Cao đẳng Kỹ thuật Cao Thắng | ||
| 005 | 20050804000000 | ||
| 008 | 050804 | ||
| 980 | \ | \ | |a Thư viện Trường CĐ Kỹ Thuật Cao Thắng |
| 024 | |a RG_1 #1 eb0 i1 | ||
| 041 | 0 | # | |a vie |
| 082 | # | # | |a 820 / |b W400J-u |
| 100 | 1 | # | |a J.Gordon Edward |
| 245 | 0 | 0 | |a Understanding literature / |c J.Gordon Edward |
| 250 | # | # | |a In lần thứ 1 |
| 260 | # | # | |a American : |b United States , |c 1985 |
| 300 | # | # | |a 751tr. ; |c 21cm |
| 650 | # | 4 | |a Văn học--Mỹ |